Normal view
MARC view
Entry Personal Name
001 - CONTROL NUMBER
- control field: 65676
003 - CONTROL NUMBER IDENTIFIER
- control field: OSt
005 - DATE AND TIME OF LATEST TRANSACTION
- control field: 20260124085408.0
008 - FIXED-LENGTH DATA ELEMENTS
- fixed length control field: 260124|| aca||aabn | a|a d
040 ## - CATALOGING SOURCE
- Original cataloging agency: OSt
- Transcribing agency: OSt
100 ## - HEADING--PERSONAL NAME
- Personal name: ပညာဘောဂ၊
- Titles and other words associated with a name: ၸဝ်ႈတုၼ်လုင်မႁႃၼႃယၵ၊ ဥုး။
670 ## - SOURCE DATA FOUND
- Source citation: Work cat.: (OSt)26037: ပညာဘောဂ၊ ၸဝ်ႈတုၼ်လုင်မႁႃၼႃယၵ၊ ဥုး။ , သွင်ၽႃသႃၵမ်မိုဝ်း ၵႂၢမ်းမၼ် ၵၢမ်းတႆး /, 1968 ။